Lahore to Yarkand : (Record no. 330792)
[ view plain ]
| 000 -LEADER | |
|---|---|
| fixed length control field | 01279cam a22003375a 4500 |
| 001 - CONTROL NUMBER | |
| control field | 15180371 |
| 003 - CONTROL NUMBER IDENTIFIER | |
| control field | NUST |
| 005 - DATE AND TIME OF LATEST TRANSACTION | |
| control field | 20170807115947.0 |
| 008 - FIXED-LENGTH DATA ELEMENTS--GENERAL INFORMATION | |
| fixed length control field | 080214r20041873pk a 000 0 eng |
| 010 ## - LIBRARY OF CONGRESS CONTROL NUMBER | |
| LC control number | 2008328229 |
| 020 ## - INTERNATIONAL STANDARD BOOK NUMBER | |
| Terms of availability | 9799693516639 |
| 020 ## - INTERNATIONAL STANDARD BOOK NUMBER | |
| International Standard Book Number | 969351663X |
| 025 ## - OVERSEAS ACQUISITION NUMBER | |
| Overseas acquisition number | P-E-2008328229; 20 |
| 040 ## - CATALOGING SOURCE | |
| Original cataloging agency | DLC |
| Transcribing agency | DLC |
| 042 ## - AUTHENTICATION CODE | |
| Authentication code | lcode |
| 043 ## - GEOGRAPHIC AREA CODE | |
| Geographic area code | a-ii--- |
| 082 ## - DEWEY DECIMAL CLASSIFICATION NUMBER | |
| Classification number | 954.9145 |
| Author Mark | HEN |
| 100 1# - MAIN ENTRY--PERSONAL NAME | |
| Personal name | Henderson, George, |
| Titles and words associated with a name | M.D. |
| 9 (RLIN) | 3809 |
| 245 10 - TITLE STATEMENT | |
| Title | Lahore to Yarkand : |
| Remainder of title | incidents of the route and natural history of the countries traversed by the expedition of 1870, under T.D. Forsyth / |
| Statement of responsibility, etc. | by George Henderson and Allan O. Hume. |
| 260 ## - PUBLICATION, DISTRIBUTION, ETC. | |
| Place of publication, distribution, etc. | Lahore : |
| Name of publisher, distributor, etc. | Sang-e-Meel Publications, |
| Date of publication, distribution, etc. | 2004. |
| 300 ## - PHYSICAL DESCRIPTION | |
| Extent | 338 p. : |
| Other physical details | ill. (some col.) ; |
| Dimensions | 24 cm. |
| 500 ## - GENERAL NOTE | |
| General note | Reprint. Originally published: London : L. Reeve, 1873. |
| 650 #0 - SUBJECT ADDED ENTRY--TOPICAL TERM | |
| Topical term or geographic name entry element | Scientific expeditions. |
| 9 (RLIN) | 3810 |
| 650 #0 - SUBJECT ADDED ENTRY--TOPICAL TERM | |
| Topical term or geographic name entry element | Natural history |
| Geographic subdivision | India. |
| 9 (RLIN) | 3811 |
| 650 #0 - SUBJECT ADDED ENTRY--TOPICAL TERM | |
| Topical term or geographic name entry element | Natural history |
| Geographic subdivision | China |
| -- | Xinjiang Uygur Zizhiqu. |
| 9 (RLIN) | 3812 |
| 651 #0 - SUBJECT ADDED ENTRY--GEOGRAPHIC NAME | |
| Geographic name | India |
| General subdivision | Description and travel. |
| 9 (RLIN) | 3320 |
| 651 #0 - SUBJECT ADDED ENTRY--GEOGRAPHIC NAME | |
| Geographic name | Xinjiang Uygur Zizhiqu (China) |
| General subdivision | Description and travel. |
| 9 (RLIN) | 3796 |
| 700 1# - ADDED ENTRY--PERSONAL NAME | |
| Personal name | Hume, Allan Octavian, |
| Dates associated with a name | 1829-1912. |
| 9 (RLIN) | 3813 |
| 700 1# - ADDED ENTRY--PERSONAL NAME | |
| Personal name | Forsyth, Thomas Douglas, |
| Titles and other words associated with a name | Sir, |
| Dates associated with a name | 1827-1886. |
| 9 (RLIN) | 3814 |
| 906 ## - LOCAL DATA ELEMENT F, LDF (RLIN) | |
| a | 7 |
| b | ibc |
| c | origode |
| d | 3 |
| e | ncip |
| f | 20 |
| g | y-gencatlg |
| 942 ## - ADDED ENTRY ELEMENTS (KOHA) | |
| Source of classification or shelving scheme | |
| Koha item type | Book |
| Withdrawn status | Lost status | Source of classification or shelving scheme | Damaged status | Not for loan | Collection code | Permanent Location | Current Location | Shelving location | Date acquired | Total Checkouts | Full call number | Barcode | Date last seen | Copy number | Price effective from | Koha item type |
|---|---|---|---|---|---|---|---|---|---|---|---|---|---|---|---|---|
| Central Library (CL) | Central Library (CL) | Book Cart | 08/07/2017 | 954.9145 HEN | CL2814 | 08/07/2017 | 1 | 08/07/2017 | Book |
